000 00265nam a22001217a 4500
041 _aENG
100 _aMani.A
245 _aSolar Radiation Over India
260 _aNew Delhi
_bAllied Pub lishers
_c1982
300 _a645
650 _aEOES
856 _uEOES ( 12 )
999 _c1240
_d1240